000
00320nam a2200133Ia 4500
008
100328s9999 xx 000 0 und d
082
_b
34121
100
_a
थोरे अशोक
245
_a
ईनामी
260
_b
आशिष
630
_a
ईनामी
730
_a
ईनामी
942
_c
BOOK
999
_c
524366
_d
524363